| 000 | 06399nam a22005657a 4500 | ||
|---|---|---|---|
| 005 | 20100722144239.0 | ||
| 010 | _aHIN-89735 | ||
| 020 |
_a9788188926152 _c300.00 |
||
| 035 | _aHN-62081 | ||
| 035 | _aB-440387-411 | ||
| 037 | _bDBAD/PUB | ||
| 037 | _bआर.बी.सी | ||
| 082 | _a613 | ||
| 100 |
_aगर्ग, सी.एल. _9747 |
||
| 245 |
_aयोगासन और स्वास्थ्य / _cसी.एल. गर्ग |
||
| 246 |
_aYogasan aur Swasthya _bby C.L. Garg |
||
| 260 |
_aदिल्ली _bनवसाक्षर प्रकाशन _c2010 |
||
| 270 |
_a1/11437, सुभाष पार्क एक्सटेंशन, गली नं. 2, नवीन शाहदरा _bदिल्ली _e110032 |
||
| 300 |
_a208 पृ. _bसचित्र _c22 सेमी. (सजिल्द) |
||
| 650 |
_aस्वास्थ्य _929942 |
||
| 650 |
_aHealth _929943 |
||
| 942 |
_2ddc _cHN _h613 _mगर्गसी |
||
| 999 |
_c37232 _d37232 |
||